Obálka Náhled e-knihy:
PDF
Pro půjčování e-knih musíte být přihlášeni.
Jak si půjčit online?

Pupík a jeho příhody. Chuť na barvy /

Veselé příběhy nezbedného teriéra Pupíka, obětavého pomocníka holčičky Míši z veterinární kliniky.

Uloženo v:
Série:Pupík a jeho příhody, část 2
Hlavní autor: Cholewińska-Szkolik, Aniela (Autor)
Další autoři: Filipowska, Agnieszka (Autor), Páralová Tardy, Markéta, 1981- (Ilustrátor)
Médium: E-kniha
Jazyk:Czech
Vydáno: V Brně : CPress, 2024
Vydání:1. vydání
Témata:
Příbuzné jednotky:Z cyklu:: Pupík a jeho příhody
Tagy:
Žádné tagy
LEADER 02620nam a2200529 i 4500
001 312286
003 CZ PrSKC
005 20260601215720.0
007 ta
008 240202s2024 xr a b 000 j cze
015 |a cnb003586009 
020 |a 9788026451198  |q (vázáno) :  |c Kč 229,00 
035 |a (OCoLC)1429251222 
040 |a ABG001  |b cze  |d ABA001  |e rda 
041 1 |a cze  |h pol 
072 7 |a 821.162.1  |x Polská literatura  |2 Konspekt 
072 7 |a 821-93  |x Literatura pro děti a mládež (beletrie)  |2 Konspekt 
080 |a 821.162.1-32  |2 MRF 
080 |a 821-93  |2 MRF 
080 |a (0:82-32)  |2 MRF 
100 1 |a Cholewińska-Szkolik, Aniela  |7 xx0227006  |4 aut 
240 1 0 |a Apetyt na kolory.  |l Česky 
245 1 0 |a Pupík a jeho příhody.  |p Chuť na barvy /  |c Aniela Cholewińska-Szkoliková ; ilustrace Agnieszka Filipowská ; z polského originálu Popik i jego wielke przygody - Apetyt na kolory ... přeložila Markéta Páralová Tardy 
246 3 0 |a Chuť na barvy 
250 |a 1. vydání 
264 1 |a V Brně :  |b CPress,  |c 2024 
300 |a 46 stran :  |b barevné ilustrace ;  |c 25 cm 
336 |a text  |b txt  |2 rdacontent 
336 |a statický obraz  |b sti  |2 rdacontent 
337 |a bez média  |b n  |2 rdamedia 
338 |a svazek  |b nc  |2 rdacarrier 
520 2 |a Veselé příběhy nezbedného teriéra Pupíka, obětavého pomocníka holčičky Míši z veterinární kliniky.  |b Jednoho dne Míša začne obdivovat barevné ptáky a Pupík si připadá takový málo barevný. Kromě touhy po barvách na pejska čekají i velká dobrodružství, třeba návštěva opravdového výstavního psa a dokonce výlet na jarmark! Nakladatelská anotace. Kráceno. 
521 8 |a Pro čtenáře od 6 let 
655 7 |a polské příběhy  |7 fd183167  |2 czenas 
655 7 |a publikace pro děti  |7 fd133156  |2 czenas 
655 9 |a Polish stories  |2 eczenas 
655 9 |a children's literature  |2 eczenas 
700 1 |a Filipowska, Agnieszka  |7 xx0227059  |4 ill 
700 1 |a Páralová Tardy, Markéta,  |d 1981-  |7 xx0087325  |4 trl 
765 1 |t Popik i jego wielke przygody 
787 0 8 |i Z cyklu:  |t Pupík a jeho příhody  |g 2 
900 |a ABA001  |b 21 
928 9 |a Albatros Media - CPress 
044 |a xr 
910 |a RBIT002 
998 |d 396248  |a https://core.palmknihy.cz/api/books/396248/cover?s8ijrp  |b https://core.palmknihy.cz/api/books/396248/cover/400?s8ijrp  |c https://core.palmknihy.cz/api/books/396248/cover/50?s8ijrp  |e 2028-09-11  |g 48  |i 9788026451198  |k https://core.palmknihy.cz/api/books/396248/preview.pdf  |l   |q 49  |r 1  |s https://www.palmknihy.cz/kniha/396248  |t ebook  |y 2024  |z 0  |v Pupíkova dobrodružství  |w 0 
999 |d 312284